|
|
|
|
| LEADER |
00714nam a2200169Ia 4500 |
| 001 |
145343 |
| 008 |
170722s9999 xx 000 0 und d |
| 100 |
|
|
|a Kakkanadan
|
| 245 |
|
|
|a Parankimala /
|
| 260 |
|
|
|a Calicut :
|b Poorna ,
|c 2003.
|
| 300 |
|
|
|a 315 p.
|
| 653 |
|
|
|a Malayalam Novel
|
| 923 |
|
|
|d 20051202
|n TY/207
|
| 942 |
|
|
|c GEN
|
| 999 |
|
|
|c 132858
|d 132858
|
| 952 |
|
|
|0 0
|1 0
|4 0
|6 O_323NKAIPA_L61KRL62
|7 0
|8 KR
|9 187644
|a LIB
|b LIB
|d 2013-03-25
|e TBS Publishers&Distributors
|o O32,3NKAI,PA L6;1(KR)-L6;2
|p 260610
|r 2017-08-12
|v 9.50
|w 2017-08-12
|y GEN
|
| 952 |
|
|
|0 0
|1 0
|4 0
|6 O_323NKAIPA_L61KRL62
|7 0
|9 187645
|a LIB
|b LIB
|d 2013-03-25
|e TBS Publishers&Distributors
|l 2
|o O32,3NKAI,PA L6;1(KR)-L6;2
|p 260611
|r 2019-01-07
|s 2018-12-15
|v 9.50
|w 2017-08-12
|y GEN
|